| 000 | 01369nam a2200325 4500 | ||
|---|---|---|---|
| 001 | 344 | ||
| 003 | OSt | ||
| 005 | 20250528074018.0 | ||
| 008 | 250331b |||||||e |||| 00| 1 eng d | ||
| 040 | _bpor | ||
| 041 |
_hita _apor |
||
| 082 |
_a853 _bM831r |
||
| 100 | 1 |
_aMoravia, Alberto, _d1907-1990. _9716 |
|
| 240 | _aLa Romana | ||
| 245 |
_aA romana / _cMoravia, Alberto ; Tradução de Marina Colasanti |
||
| 260 |
_aSão Paulo _bAbril _c1972 |
||
| 300 | _a415 p. | ||
| 490 | 1 |
_aOs imortais da Literatura Universal _vvol. 47 |
|
| 520 | _aLutando pela sobrevivência, buscando desesperadamente um final feliz para a própria vida, Adriana, a romana, narra sua infeliz trajetória: seduzida por um motorista, envolve-se com outros homens e começa a se prostituir. Entre seus inúmeros amantes, relembra especialmente três: Mino, estudante revolucionário; Astarita, funcionário do governo fascista; Sonzogno, um criminoso. No romance de Moravia, o sexo tem sobretudo valor simbólico. | ||
| 650 | 0 |
_aLiteratura italiana _9164 |
|
| 650 | 0 |
_aAmor e Paixão _925 |
|
| 650 | 0 |
_aPolêmica _9117 |
|
| 650 | 0 |
_aEmponderamento _932 |
|
| 650 | 0 |
_aClássicos _977 |
|
| 655 | 0 |
_aRomance _923 |
|
| 655 | 0 |
_aFicção _922 |
|
| 700 | 1 |
_aColasanti, Marina, _d1937-2025 _eTradução _9717 |
|
| 830 |
_aOs Imortais da Literatura Universal _9461 _vvol. 47 |
||
| 942 |
_2ddc _n0 _cBK |
||
| 999 |
_c344 _d344 |
||